00722 a2200205 4500003000500000005001700005010001600022020001500038040000900053082001500062100002500077245005400102250001200156260004200168300003300210490004700243505017800290650002100468650002700489Nust20230118145137.0 a 76047716 a0256019053 cNust00a657.42,SHI1 aShillinglaw, Gordon.10aManagerial cost Accounting /cGordon Shillinglaw. a4th ed. aHomewood, Ill. :bR. D. Irwin,c1977. axx, 981 p. :bill. ;c25 cm.0 aThe Willard J. Graham series in accounting aPart 1: The Basic Structure (Page-1), Part 2: Further Topics in Activity Costing and Decision (Page-333), Part 3: Further Topics in Periodic Planning and Control(Page-639).  0aCost accounting. 0aManagerial accounting.